Chartered Surveyors regional directory 2007 (Record no. 107555)
[ view plain ]
| 000 -LEADER | |
|---|---|
| fixed length control field | 01376cam a22002175a 4500 |
| 001 - CONTROL NUMBER | |
| control field | L140865 |
| 008 - FIXED-LENGTH DATA ELEMENTS--GENERAL INFORMATION | |
| fixed length control field | 080701s2007 xxk of 001 0 eng d |
| 035 ## - SYSTEM CONTROL NUMBER | |
| System control number | (Sirsi) u140865 |
| 041 0# - LANGUAGE CODE | |
| Language code of text/sound track or separate title | eng |
| 050 04 - LIBRARY OF CONGRESS CALL NUMBER | |
| Classification number | 333.33025 $2 18 |
| 110 2# - MAIN ENTRY--CORPORATE NAME | |
| Corporate name or jurisdiction name as entry element | Royal Institution of Chartered Surveyors |
| 9 (RLIN) | 4900 |
| 245 00 - TITLE STATEMENT | |
| Title | Chartered Surveyors regional directory 2007 |
| Remainder of title | your essential guide to finding a surveyor in the South East |
| 260 ## - PUBLICATION, DISTRIBUTION, ETC. | |
| Place of publication, distribution, etc. | London |
| Name of publisher, distributor, etc. | RICS |
| Date of publication, distribution, etc. | 2007 |
| 300 ## - PHYSICAL DESCRIPTION | |
| Extent | 74p. |
| Other physical details | ill. |
| Dimensions | 25cm. |
| 350 ## - PRICE (NR) (BK AM CF MU VM SE) [OBSOLETE] | |
| Price | 22 |
| 505 2# - FORMATTED CONTENTS NOTE | |
| Formatted contents note | RICS - World of property -- Foreword - Property advice from the world's leading professionals -- Benefits of using an RICS surveyor -- How to recognise an RICS member -- Are you a home owner looking for property advice -- Free property guides -- Is your business looking for property advice? -- RICS public services -- How to find an RICS surveyor -- RICS contacts -- Specilisations index -- Firms listings -- Firms index |
| 520 ## - SUMMARY, ETC. | |
| Summary, etc. | Outlines the organisation and purpose of the RICS and its members. Details the services of which they can take advantage. Describes the services provided by chartered surveyors. Lists firms and members within the region. Includes a specialisation index. The main listings are ordered by the area and the type of service provided. |
| 651 #4 - SUBJECT ADDED ENTRY--GEOGRAPHIC NAME | |
| Geographic name | England and Wales |
| Chronological subdivision | 1543- |
| 690 ## - LOCAL SUBJECT ADDED ENTRY--TOPICAL TERM (OCLC, RLIN) | |
| Topical term or geographic name as entry element | RICS SERVICES-FIND A SURVEYOR |
| 942 ## - ADDED ENTRY ELEMENTS (KOHA) | |
| Suppress in OPAC | 0 |
| Withdrawn status | Lost status | Source of classification or shelving scheme | Damaged status | Not for loan | Home library | Current library | Shelving location | Date acquired | Total Checkouts | Full call number | Barcode | Date last seen | Copy number | Price effective from | Koha item type |
|---|---|---|---|---|---|---|---|---|---|---|---|---|---|---|---|
| Dewey Decimal Classification | London | London | RICS Boxes | 16/10/2007 | RICS 2007/52 | 30074310 | 06/08/2019 | 1 | 06/08/2019 | Archive | |||||
| Dewey Decimal Classification | London | London | RICS Boxes | 16/10/2007 | RICS 2007/52 | 30074306 | 06/08/2019 | 2 | 06/08/2019 | Reference material |